Statistics for Pitch Perfect Bellas Final Songs

Click here to take the quiz!

General Stats

  • This quiz has been taken 183 times
  • The average score is 3 of 6

Answer Stats

HintAnswer% Correct
Price Tag
89%
Don't You (Forget About Me)
83%
Give Me Everything
57%
Just The Way You Are
48%
Party In The USA
48%
Turn The Beat Around
18%

Score Distribution

Percentile by Number Answered

Percent of People with Each Score

Your Score History

You have not taken this quiz